000 00783cam a22002411 4500
001 sd 50000126
003 DLC
005 20260227112736.0
008 940510s1950 nyu b 000 0 eng c
010 _asd 50000126
035 _a(OCoLC)30413122
040 _aU.S. Dept. of State. Library
_cIEN
_dDLC
042 _apremarc
050 0 0 _aD410
_b.F65 vol. 25, no. 19
100 1 _aBarnett, A. Doak.
245 1 0 _aProfile of Red China.
260 _aNew York,
_bPublished by the Foreign Policy Association in cooperation with the American Institute of Pacific Relations,
_c1950.
300 _a[230]-243 p.
_c27 cm.
440 0 _aForeign policy reports,
_vv. 25, no. 19
504 _aBibliographical footnotes.
650 0 _aCommunism
_zChina.
651 0 _aChina
_xHistory
_y1945-
999 _c90025
_d90025